Current Formula One Drivers by Picture - Statistics

General Stats
  • This quiz has been taken 144 times
  • The average score is 11 of 12
Answer Stats
Picture Answer % Correct
Lewis Hamilton
100%
Max Verstappen
99%
Carlos Sainz Jr.
97%
Charles Leclerc
97%
Lando Norris
96%
Sergio Perez
96%
Sebastian Vettel
94%
Daniel Ricciardo
93%
Pierre Gasly
91%
Valterri Bottas
90%
Yuki Tsunoda
89%
Nicholas Latifi
81%
No matching quizzes found
Score Distribution
Percent of People with Each Score
Percentile by Number Answered
Your Score History
You have not taken this quiz